| 000 | 00403nab a2200145Ia 4500 | ||
|---|---|---|---|
| 003 | ES-SlBCS | ||
| 005 | 20210601131745.0 | ||
| 008 | 140529s1935 xxu||||| |||| 00| 0 fre d | ||
| 041 | _afre | ||
| 100 | 1 |
_aDu Bos, Charles _9188644 |
|
| 245 | 0 | 0 |
_aLa Messe Là-Bas _c Charles Du Bos |
| 650 | 0 | 4 |
_aMisa _987510 |
| 773 | 0 |
_tVie Intelectuelle (La) _gvol. 37, nº. 1, 1935, págs. 170-181 _wRev907 |
|
| 942 | _cAR | ||
| 999 |
_c568274 _d568274 |
||